000 00881cam a22002771 4500
001 8148
003 BD-RjUL
005 20211208234531.0
008 140118s1960 gw b 001 0 ger
035 _a(BD-RjUL)8193
040 _aDLC/ICU
_cICU
_dDLC
_beng
041 _aeng
082 _223
_a515.39
_bJAN 1960
100 1 _aJacobs, Konrad,
_d1928-
_925385
245 1 0 _aNeuere Methoden und Ergebnisse der Ergodentheorie /
_cKonrad Jacobs
260 _aBerlin :
_bSpringer,
_cc1960.
300 _avi, 214 p. ;
_c23 cm.
490 1 _aErgebnisse der Mathematik und ihrer Grenzgebiete, n.F.,
_vHeft 29
504 _aIncludes bibliographical references and index.
650 0 _aErgodic theory.
_925386
830 0 _vHeft 29.
_925390
830 0 _aErgebnisse der Mathematik und ihrer Grenzgebiete, n.F. ;
_925391
942 _2ddc
_cBK
999 _c8148
_d8148